Sledovanie Cu zliatin pre medzinárodný fúzny experimentálny reaktor ITER pomocou PAS

Na minha lista:
Detalhes bibliográficos
Autor principal: Tomáň, Martin (Author)
Outros Autores: Slugeň, Vladimír, 1962- (Thesis advisor)
Formato: Manuscrito Livro
Idioma:eslovaco
Publicado em: Bratislava : STU v Bratislave FEI, 2002
Assuntos:
Tags: Adicionar Tag
Sem tags, seja o primeiro a adicionar uma tag!

MARC

LEADER 00000ntm a22000003a 4500
001 stu76123
005 20160719164806.5
008 020618s2002------------------------slo-d
040 |a STU  |b slo 
041 0 |a slo 
100 1 |a Tomáň, Martin  |4 aut 
245 1 |a Sledovanie Cu zliatin pre medzinárodný fúzny experimentálny reaktor ITER pomocou PAS 
260 |a Bratislava :  |b STU v Bratislave FEI,  |c 2002 
300 |a 66 s 
650 7 |a elektromateriálové inžinierstvo  |2 stusub 
700 1 |a Slugeň, Vladimír,  |d 1962-  |4 ths  |u E060  |U FEI Fakulta elektrotechniky a informatiky  |T FEI Ústav jadrového a fyzikálneho inžinierstva  |X 1909  |U E060  |Y 817  |7 A000001909